| 000 | 00656nam a2200229 a 4500 | ||
|---|---|---|---|
| 999 |
_c10320 _d10320 |
||
| 001 | 10320 | ||
| 003 | BD-JhCC | ||
| 005 | 20180423191459.0 | ||
| 008 | 180423s2012 bg |||| ||a| 000 0 b d | ||
| 020 | _a9847034304541 | ||
| 035 | _a(BD-JhCC)10320 | ||
| 040 |
_aBD-JhCC _dBD-JhCC |
||
| 041 | _aben | ||
| 082 |
_a891.4415 _bZAF 2012 |
||
| 100 | _aজাফর, সিকানদার আবু | ||
| 245 |
_aবাংলা ছাড়ো / _cসিকানদার আবু জাফর |
||
| 260 |
_aঢাকা: _bমাটিগন্ধা; _c2012. |
||
| 300 |
_a63 p. : _c22 cm. |
||
| 651 | _aPoems | ||
| 942 |
_2ddc _cBK |
||